Beyond meltdown : the global battle for sustained growth /

The American century. The battle for growth. The importance of manufacturing. Ignoring the risk-management constraint. Going for growth...

Đã lưu trong:
Sonraí Bibleagrafaíochta
Príomhúdar: Brain, Peter J.
Formáid: Leabhar
Teanga:English
Foilsithe: Melbourne : Scribe, 1999.
Ábhair:
Clibeanna: Cuir Clib Leis
Gan Chlibeanna, Bí ar an gcéad duine leis an taifead seo a chlibeáil!
Thư viện lưu trữ: Mạng thư viện Đại học Đà Nẵng
LEADER 01059cam a2200361 i 4500
001 000048480
003 8198
005 20030307144311.0
008 010315|1999 vm 000 eng
020 |a 0908011369 
040 |a IRC  |c IRC  |d IRC 
041 0 |a eng 
082 1 4 |a 330.95  |b BR-P 
100 1 |a Brain, Peter J. 
245 0 0 |a Beyond meltdown :  |b the global battle for sustained growth /  |c Peter Brain. 
260 |a Melbourne :  |b Scribe,  |c 1999. 
300 |a xiv, 273 p. ;  |c 23.5cm. 
520 3 |a The American century. The battle for growth. The importance of manufacturing. Ignoring the risk-management constraint. Going for growth... 
630 0 4 |a Finance. 
630 0 4 |a Economics. 
650 0 4 |a Economic development. 
650 0 4 |a Asia  |b Economic conditions  |y 1945- 
650 0 4 |a Financial crises  |z Asia. 
OWN |a DUT 
999 |a From the UDN01 
TYP |a Monograph 
TYP |a Printed language 
980 |a Mạng thư viện Đại học Đà Nẵng